[Event "34. ABC-Turnier 2014 - Gruppe A"]
[Site "Dortmund"]
[Date "2014.10.02"]
[Round "1.1"]
[White "Göldenboog, Jürgen"]
[Black "Brendemühl, Bernd"]
[Result "0-1"]
[WhiteElo "1893"]
[BlackElo "1894"]
[PlyCount "54"]
[EventDate "2014.??.??"]

1. d4 Nf6 2. c4 e6 3. Nf3 d5 4. Nc3 c6 5. cxd5 exd5 6. g3 Bd6 7. Bg2 O-O 8. O-O
Nbd7 9. Qd3 Re8 10. Re1 Ne4 11. Nh4 Ndf6 12. f3 Nxg3 13. hxg3 Bxg3 14. Bg5 h6
15. Nf5 Bxe1 16. Nxg7 Kxg7 17. Bxf6+ Qxf6 18. Rxe1 Qh4 19. Qd2 Bh3 20. e4 Re6
21. Re2 dxe4 22. Bxh3 Qxh3 23. Rg2+ Rg6 24. Rxg6+ fxg6 25. fxe4 Rf8 26. Qe1 Rf4
27. Qf1 Rxf1# 0-1

[Event "34. ABC-Turnier 2014 - Gruppe A"]
[Site "Dortmund"]
[Date "2014.10.02"]
[Round "1.2"]
[White "Zelt, Jens"]
[Black "Begna, Bozidar"]
[Result "1/2-1/2"]
[WhiteElo "2025"]
[BlackElo "1912"]
[PlyCount "79"]
[EventDate "2014.??.??"]

1. d4 Nf6 2. Nf3 c5 3. c3 e6 4. g3 Nc6 5. Bg2 Be7 6. O-O O-O 7. Re1 d6 8. Nbd2
cxd4 9. cxd4 Qb6 10. e3 e5 11. Nc4 Qc7 12. Na3 e4 13. Nd2 d5 14. Nc2 Bg4 15. f3
exf3 16. Nxf3 Ne4 17. Re2 h5 18. Bd2 h4 19. gxh4 Bxf3 20. Bxf3 Bxh4 21. Bxe4
dxe4 22. Rg2 f5 23. Qh5 Be7 24. Rf1 Ne5 25. Ne1 Nc4 26. Bc1 Nd6 27. Bd2 Nc4 28.
Bc1 Nd6 29. Nc2 a5 30. b3 b5 31. Bb2 Bf6 32. Ne1 Rac8 33. Rd2 Qf7 34. Qe2 g5
35. Ng2 Qg6 36. Rc2 Rxc2 37. Qxc2 Rc8 38. Qd2 Qh5 39. Rc1 Rxc1+ 40. Bxc1 {(=)}
1/2-1/2

[Event "34. ABC-Turnier 2014 - Gruppe A"]
[Site "Dortmund"]
[Date "2014.10.02"]
[Round "1.3"]
[White "Grube, Jörg"]
[Black "Zachos, Ingo"]
[Result "1-0"]
[WhiteElo "1795"]
[BlackElo "1869"]
[PlyCount "45"]
[EventDate "2014.??.??"]

1. e4 Nf6 2. e5 Nd5 3. c4 Nb6 4. c5 Nd5 5. Bc4 e6 6. d4 d6 7. cxd6 cxd6 8. f4
Nc6 9. Nf3 Nb6 10. Bb3 Be7 11. O-O O-O 12. Nc3 Nb4 13. Kh1 Bd7 14. Bd2 Rc8 15.
Ne4 dxe5 16. fxe5 Bb5 17. Bxb4 Bxb4 18. Nfg5 Bxf1 19. Qh5 h6 20. Rxf1 Bd2 21.
Nxf7 Qe7 22. Nf6+ Qxf6 23. exf6 1-0

[Event "34. ABC-Turnier 2014 - Gruppe A"]
[Site "Dortmund"]
[Date "2014.10.02"]
[Round "1.4"]
[White "Khess, Igor"]
[Black "Riesenbeck, Jürgen"]
[Result "1-0"]
[WhiteElo "1903"]
[BlackElo "1922"]
[PlyCount "37"]
[EventDate "2014.??.??"]

1. e4 e6 2. d4 d5 3. e5 c5 4. Qg4 cxd4 5. Nf3 Nc6 6. Bd3 Qb6 7. O-O Bd7 8. Nbd2
Nge7 9. Nb3 Ng6 10. Bxg6 hxg6 11. Bg5 a5 12. Qf4 a4 13. Nbxd4 Nxd4 14. Nxd4 Bc5
15. Nf3 Bb5 16. Rfc1 Bxf2+ 17. Kh1 Bc5 18. Nd2 Be3 $4 19. Qxe3 1-0

[Event "34. ABC-Turnier 2014 - Gruppe A"]
[Site "Dortmund"]
[Date "2014.10.02"]
[Round "1.5"]
[White "Kropp, Andreas"]
[Black "Guddat, Jörn"]
[Result "1-0"]
[WhiteElo "1994"]
[BlackElo "1802"]
[PlyCount "87"]
[EventDate "2014.??.??"]

1. d4 d5 2. Nf3 e6 3. c4 c5 4. cxd5 exd5 5. Nc3 Nc6 6. g3 Nf6 7. Bg2 Be7 8. O-O
O-O 9. h3 c4 10. Bf4 Be6 11. b3 Qa5 12. Na4 b5 13. Nc5 Bxc5 14. dxc5 Ne4 15.
Nd4 Bd7 16. Nxc6 Bxc6 17. Bxe4 dxe4 18. Qd4 Rad8 19. Bd6 c3 20. a3 Rfe8 21. b4
Qa6 22. Qxc3 Bd7 23. Kh2 Qc6 24. Rad1 Be6 25. Rd2 Rd7 26. Rfd1 a6 27. Be5 Rxd2
28. Rxd2 f6 29. Bf4 Qc8 30. g4 Bc4 31. Qe3 Re6 32. Rd4 Qc6 33. Qd2 h6 34. Rd7
Re8 35. Rd6 Qc8 36. Kg3 h5 37. gxh5 Be6 38. h6 Bxh3 39. Qd5+ Kh8 40. Qh5 g5 41.
Bxg5 fxg5 42. Qxh3 g4 43. Qh4 Rf8 44. Qe7 1-0

[Event "34. ABC-Turnier 2014 - Gruppe A"]
[Site "Dortmund"]
[Date "2014.10.16"]
[Round "2.1"]
[White "Brendemühl, Bernd"]
[Black "Guddat, Jörn"]
[Result "1-0"]
[WhiteElo "1894"]
[BlackElo "1802"]
[PlyCount "57"]
[EventDate "2014.??.??"]

1. e4 e6 2. d4 d5 3. Nd2 Nf6 4. e5 Nfd7 5. Bd3 c5 6. c3 Nc6 7. Ne2 Qb6 8. Nf3
cxd4 9. cxd4 f6 10. exf6 Nxf6 11. O-O Bd6 12. Nc3 a6 13. Re1 Nd8 14. Bc2 Bd7
15. Bg5 Qa5 16. Ne5 Nf7 17. Bxf6 gxf6 18. Nxf7 Kxf7 19. Qh5+ Kg7 20. Re3 Rag8
21. Rae1 Qd8 22. Rh3 f5 23. Qh6+ Kf7 24. Bxf5 Bxh2+ 25. Kxh2 exf5 26. Nxd5 Re8
27. Rhe3 Be6 28. Rxe6 Rxe6 29. Qxe6+ 1-0

[Event "34. ABC-Turnier 2014 - Gruppe A"]
[Site "Dortmund"]
[Date "2014.10.16"]
[Round "2.2"]
[White "Riesenbeck, Jürgen"]
[Black "Kropp, Andreas"]
[Result "1/2-1/2"]
[WhiteElo "1922"]
[BlackElo "1994"]
[PlyCount "62"]
[EventDate "2014.??.??"]

1. e4 c6 2. d4 d5 3. e5 c5 4. dxc5 Nc6 5. Nf3 Bg4 6. Be2 e6 7. Bf4 Bxc5 8. O-O
Nge7 9. Nbd2 Ng6 10. Bg3 h5 11. h3 h4 12. Bh2 Bf5 13. c3 Bb6 14. Re1 a6 15. Nb3
Qb8 16. Nfd4 Be4 17. f3 Bf5 18. f4 Nge7 19. Kh1 Bg6 20. Bg1 Ba7 {(=)} 21. Bg4
Nxd4 22. Nxd4 Be4 23. Bf3 Bxf3 24. Qxf3 Bxd4 25. Bxd4 Nf5 26. Bf2 Qc7 27. Rac1
Rc8 28. Qd3 Qc4 29. Qxc4 Rxc4 30. Bd4 Kd7 31. Rcd1 Nxd4 1/2-1/2

[Event "34. ABC-Turnier 2014 - Gruppe A"]
[Site "Dortmund"]
[Date "2014.12.11"]
[Round "2.3"]
[White "Zachos, Ingo"]
[Black "Khess, Igor"]
[Result "0-1"]
[WhiteElo "1869"]
[BlackElo "1903"]
[PlyCount "48"]
[EventDate "2014.??.??"]

1. Nf3 d5 2. c4 dxc4 3. e3 b6 4. Bxc4 e6 5. d4 Nf6 6. Nc3 Bb7 7. O-O Bd6 8. Qe2
O-O 9. e4 Bb4 10. e5 Bxc3 11. bxc3 Nd5 12. Bd2 Nd7 13. Bd3 Re8 14. Bxh7+ Kxh7
15. Ng5+ Kg6 16. Qg4 f5 17. exf6 N5xf6 18. Qg3 Nh5 19. Qd3+ Kf6 20. Nh7+ Ke7
21. Qg6 Ndf6 22. Bg5 Qd5 23. f3 Qf5 24. Qxh5 Rh8 0-1

[Event "34. ABC-Turnier 2014 - Gruppe A"]
[Site "Dortmund"]
[Date "2014.10.16"]
[Round "2.4"]
[White "Begna, Bozidar"]
[Black "Grube, Jörg"]
[Result "0-1"]
[WhiteElo "1912"]
[BlackElo "1795"]
[PlyCount "82"]
[EventDate "2014.??.??"]

1. e4 d6 2. d4 Nf6 3. Nc3 g6 4. Bc4 Bg7 5. Qe2 Nc6 6. e5 Ng4 7. e6 Nxd4 8. Qxg4
Nxc2+ 9. Kd1 Nxa1 10. Nf3 d5 11. Bd3 Bxe6 12. Qg3 c6 13. Ng5 Qa5 14. Nxe6 fxe6
15. Bxg6+ hxg6 16. Qxg6+ Kf8 17. Bd2 Qb4 18. Kc1 d4 19. Nd1 Qc5+ 20. Kb1 Qf5+
21. Qxf5+ exf5 22. Kxa1 e5 23. f3 Kf7 24. Nf2 Rae8 25. Kb1 e4 26. Bf4 Bh6 27.
Bxh6 Rxh6 28. g4 exf3 29. gxf5 Re2 30. Nd3 Rhxh2 31. Rxh2 Rxh2 32. Ne5+ Ke7 33.
Nxf3 Rh1+ 34. Kc2 c5 35. Ne5 Rf1 36. a4 Rxf5 37. Nc4 Ke6 38. Na5 b6 39. Nc6 Rf7
40. b4 Rc7 41. b5 Rxc6 0-1

[Event "34. ABC-Turnier 2014 - Gruppe A"]
[Site "Dortmund"]
[Date "2014.10.16"]
[Round "2.5"]
[White "Göldenboog, Jürgen"]
[Black "Zelt, Jens"]
[Result "0-1"]
[WhiteElo "1893"]
[BlackElo "2025"]
[PlyCount "110"]
[EventDate "2014.??.??"]

1. d4 d6 2. c4 c6 3. Nc3 Nd7 4. e4 e5 5. d5 c5 6. g3 h6 7. Bg2 Ne7 8. Be3 Ng6
9. Qd2 a6 10. Nge2 Be7 11. f4 exf4 12. gxf4 Nh4 13. Ng3 f5 14. e5 dxe5 15. d6
Bxd6 16. O-O-O Be7 17. fxe5 O-O 18. Bd5+ Kh7 19. Qc2 Qe8 20. e6 Ne5 21. Rdf1 g6
22. Kb1 Bd6 23. Bf4 Qe7 24. Rhg1 Bxe6 25. Re1 Bxd5 26. Nxd5 Qe6 27. Bxe5 Bxe5
28. Nc7 Qf6 29. Nxa8 Nf3 30. Rxe5 Qxe5 31. Rf1 Nd4 32. Qg2 Rf7 33. Qd5 Qxd5 34.
cxd5 Rd7 35. Re1 Kg7 36. Nb6 Rd6 37. Re7+ Kf6 38. Rxb7 Nf3 39. h3 Kg5 40. Kc2
Kh4 41. Ne2 g5 42. Nc4 Rxd5 43. Rh7 h5 44. Kc3 Ne1 45. Nc1 Rd1 46. Ne3 Rxc1+
47. Kd2 Ra1 48. Nxf5+ Kxh3 49. a3 h4 50. Ke2 Ng2 51. Kf2 Rd1 52. Rb7 Rd2+ 53.
Kg1 g4 54. Kf1 Rd3 55. b4 Rf3+ 0-1

[Event "34. ABC-Turnier 2014 - Gruppe A"]
[Site "Dortmund"]
[Date "2014.10.23"]
[Round "3.1"]
[White "Zelt, Jens"]
[Black "Brendemühl, Bernd"]
[Result "1/2-1/2"]
[WhiteElo "2025"]
[BlackElo "1894"]
[PlyCount "35"]
[EventDate "2014.??.??"]

1. d4 Nf6 2. e3 d5 3. Bd3 e6 4. Nd2 c5 5. c3 Nc6 6. f4 Bd6 7. Qf3 cxd4 8. exd4
O-O 9. Ne2 Rb8 10. O-O b5 11. b4 a5 12. a3 Qb6 13. Kh1 Bd7 14. Nb3 axb4 15.
axb4 Ra8 16. Be3 Ra6 17. Rxa6 Qxa6 18. Ra1 {(=)} 1/2-1/2

[Event "34. ABC-Turnier 2014 - Gruppe A"]
[Site "Dortmund"]
[Date "2014.12.03"]
[Round "3.2"]
[White "Grube, Jörg"]
[Black "Göldenboog, Jürgen"]
[Result "1/2-1/2"]
[WhiteElo "1795"]
[BlackElo "1893"]
[PlyCount "28"]
[EventDate "2014.??.??"]

1. e4 e5 2. Nf3 Nc6 3. Nc3 Nf6 4. Bb5 Bb4 5. Nd5 Nxd5 6. exd5 Ne7 7. Nxe5 Nxd5
8. O-O O-O 9. d4 c6 10. Bd3 d6 11. Nc4 b5 12. Ne3 Nxe3 13. Bxe3 Ba5 14. d5 cxd5
1/2-1/2

[Event "34. ABC-Turnier 2014 - Gruppe A"]
[Site "Dortmund"]
[Date "2014.10.23"]
[Round "3.3"]
[White "Khess, Igor"]
[Black "Begna, Bozidar"]
[Result "1-0"]
[WhiteElo "1903"]
[BlackElo "1912"]
[PlyCount "117"]
[EventDate "2014.??.??"]

1. e4 d6 2. d4 Nf6 3. Nc3 g6 4. Bc4 Bg7 5. Nge2 c6 6. Bb3 O-O 7. O-O e5 8. dxe5
dxe5 9. Qxd8 Rxd8 10. f3 b6 11. Be3 Na6 12. Rfd1 Bb7 13. a4 Bf8 14. a5 Rxd1+
15. Nxd1 Bc5 16. axb6 axb6 17. Nc1 Nd7 18. Nd3 Bxe3+ 19. Nxe3 Nac5 20. Rxa8+
Bxa8 21. Nxc5 Nxc5 22. Nc4 Nd7 23. Nd6 Kf8 24. Nxf7 Ke7 25. Ng5 Nf6 26. Nh3 b5
27. Nf2 c5 28. c4 b4 29. Nd3 Kd6 30. Ba4 g5 31. Kf2 Bb7 32. Bb5 Bc8 33. Ke3 Be6
34. Nc1 Nh5 35. Nb3 Ng7 36. Na5 Bc8 37. Bc6 Ne6 38. Ba4 Nd4 39. Kd3 Ne6 40. g3
Nd4 41. Bd1 Ba6 42. Nb3 Bc8 43. Nxd4 exd4 44. f4 gxf4 45. gxf4 Bh3 46. b3 Ke6
47. Bh5 Bf1+ 48. Kd2 Bh3 49. Be8 Bg2 50. Bc6 Bf1 51. Bb7 Bg2 52. Bd5+ Ke7 53.
e5 Bh3 54. Be4 h6 55. f5 Bg4 56. h4 Bh3 57. f6+ Kf7 58. Bd5+ Kg6 59. h5+ 1-0

[Event "34. ABC-Turnier 2014 - Gruppe A"]
[Site "Dortmund"]
[Date "2014.10.23"]
[Round "3.4"]
[White "Kropp, Andreas"]
[Black "Zachos, Ingo"]
[Result "0-1"]
[WhiteElo "1994"]
[BlackElo "1869"]
[PlyCount "70"]
[EventDate "2014.??.??"]

1. e4 d6 2. d4 Nf6 3. Nc3 g6 4. Nf3 Bg7 5. Be2 O-O 6. O-O c6 7. h3 Qc7 8. Bf4
Nbd7 9. Qd2 e5 10. Bh6 Re8 11. Bxg7 Kxg7 12. Rad1 Qb6 13. dxe5 dxe5 14. Rfe1
Qxb2 15. Bc4 h6 16. g4 Qb4 17. Bb3 Nc5 18. Re3 Nxb3 19. axb3 Qe7 20. Rd3 h5 21.
g5 Nh7 22. Kh2 Nf8 23. Ne2 Ne6 24. Qe3 b6 25. Rd6 c5 26. R6d5 Nd4 27. h4 Bb7
28. c3 Bxd5 29. cxd4 exd4 30. Nexd4 Bxe4 31. Nb5 Bxf3 32. Qxf3 Qe5+ 33. Kg1
Rad8 34. Rc1 a6 35. Nc3 Rd4 0-1

[Event "34. ABC-Turnier 2014 - Gruppe A"]
[Site "Dortmund"]
[Date "2014.10.23"]
[Round "3.5"]
[White "Guddat, Jörn"]
[Black "Riesenbeck, Jürgen"]
[Result "0-1"]
[WhiteElo "1802"]
[BlackElo "1922"]
[PlyCount "44"]
[EventDate "2014.??.??"]

1. d4 Nf6 2. c4 g6 3. g3 Bg7 4. Bg2 d5 5. cxd5 Nxd5 6. Nc3 Nxc3 7. bxc3 c5 8.
Nf3 Nc6 9. e3 Qa5 10. Bd2 cxd4 11. cxd4 Qa6 12. Bf1 Qa3 13. Bc4 O-O 14. O-O Bg4
15. Rb1 Qd6 16. Kg2 e5 17. dxe5 Nxe5 18. Be2 Bxf3+ 19. Bxf3 Nxf3 20. Kxf3 Rfd8
21. Ke2 Qd3+ 22. Ke1 Bc3 0-1

[Event "34. ABC-Turnier 2014 - Gruppe A"]
[Site "Dortmund"]
[Date "2014.11.03"]
[Round "4.1"]
[White "Brendemühl, Bernd"]
[Black "Riesenbeck, Jürgen"]
[Result "0-1"]
[WhiteElo "1894"]
[BlackElo "1922"]
[PlyCount "50"]
[EventDate "2014.??.??"]

1. e4 e6 2. d4 d5 3. Nd2 Nf6 4. e5 Nfd7 5. Bd3 c5 6. c3 Nc6 7. Ne2 cxd4 8. cxd4
Qb6 9. Nf3 Bb4+ 10. Bd2 O-O 11. O-O Bxd2 12. Qxd2 f6 13. exf6 Rxf6 14. Ng3 Rxf3
15. gxf3 Nxd4 16. Qe3 e5 17. Kh1 Qf6 18. Be2 g6 19. Rac1 Nb6 20. Rfd1 Bd7 21.
f4 Nxe2 22. Nxe2 Re8 23. fxe5 Rxe5 24. Qd4 Qf3+ 25. Kg1 Bh3 0-1

[Event "34. ABC-Turnier 2014 - Gruppe A"]
[Site "Dortmund"]
[Date "2014.11.13"]
[Round "4.2"]
[White "Zachos, Ingo"]
[Black "Guddat, Jörn"]
[Result "1-0"]
[WhiteElo "1869"]
[BlackElo "1802"]
[PlyCount "49"]
[EventDate "2014.??.??"]

1. Nf3 d5 2. c4 e6 3. b3 c5 4. g3 Nf6 5. Bb2 Be7 6. Bg2 Nc6 7. O-O O-O 8. e3
Re8 9. Qe2 Bd7 10. Nc3 Qa5 11. Rfd1 Rad8 12. cxd5 Nxd5 13. Nxd5 exd5 14. d4 Bf6
15. dxc5 Bxb2 16. Qxb2 Qxc5 17. Rac1 Qa5 18. Nd4 Nxd4 19. Rxd4 Bf5 20. b4 Qa6
21. Bxd5 Rc8 22. Rf4 Rxc1+ 23. Qxc1 Rc8 24. Bxf7+ Kxf7 25. Rxf5+ 1-0

[Event "34. ABC-Turnier 2014 - Gruppe A"]
[Site "Dortmund"]
[Date "2014.10.30"]
[Round "4.4"]
[White "Göldenboog, Jürgen"]
[Black "Khess, Igor"]
[Result "0-1"]
[WhiteElo "1893"]
[BlackElo "1903"]
[PlyCount "76"]
[EventDate "2014.??.??"]

1. d4 c6 2. c4 d6 3. f4 Nf6 4. Nf3 Ne4 5. Nc3 d5 6. e3 Qa5 7. Qb3 e6 8. Nd2
Nxd2 9. Bxd2 Qd8 10. a4 Nd7 11. a5 Bd6 12. c5 Bc7 13. Qa3 O-O 14. Bd3 Qh4+ 15.
g3 Qh3 16. O-O-O Rb8 17. Rdg1 f5 18. g4 fxg4 19. Rg3 Qh4 20. Be2 Nf6 21. Be1
Qh5 22. h3 Rf7 23. Bxg4 Nxg4 24. Rxg4 e5 25. Rg5 Qf3 26. Rhg1 exf4 27. e4 Be6
28. exd5 cxd5 29. Qa4 Qxh3 30. Bd2 f3 31. Qd1 f2 32. Rf1 Qd3 33. Nxd5 Bxd5 34.
Rxg7+ Rxg7 35. Rxf2 Bb3 36. Rf3 Qc4+ 37. Rc3 Qxc3+ 38. Bxc3 Bxd1 0-1

[Event "34. ABC-Turnier 2014 - Gruppe A"]
[Site "Dortmund"]
[Date "2014.11.23"]
[Round "4.5"]
[White "Zelt, Jens"]
[Black "Grube, Jörg"]
[Result "1/2-1/2"]
[WhiteElo "2025"]
[BlackElo "1795"]
[PlyCount "84"]
[EventDate "2014.??.??"]

1. d4 Nf6 2. Nf3 d5 3. Bf4 e6 4. e3 c6 5. c3 Bd6 6. Bg3 Qe7 7. Nbd2 Nbd7 8. Ne5
h5 9. Nxd7 Bxd7 10. Bxd6 Qxd6 11. Qc2 O-O-O 12. h3 e5 13. dxe5 Qxe5 14. O-O-O
Bf5 15. Bd3 Bxd3 16. Qxd3 Qg5 17. Rhg1 h4 18. Qd4 Kb8 19. Nf3 Qh5 20. Qf4+ Kc8
21. Ng5 Rhe8 22. Rd4 Rh8 23. Ra4 a6 24. Rd1 Rd7 25. Rad4 c5 26. R4d2 Rhd8 27.
g4 hxg3 28. Qxg3 Qg6 29. Rg1 Qf5 30. Qf3 Qxf3 31. Nxf3 Ne4 32. Rc2 g6 33. Kd1
Rh8 34. h4 Rh5 35. Ke2 Rf5 36. Rg2 Kd8 37. Ne1 d4 38. cxd4 cxd4 39. exd4 Rxd4
40. Ke3 Rd1 41. Nf3 Nc5 42. Rd2+ Rxd2 1/2-1/2

[Event "34. ABC-Turnier 2014 - Gruppe A"]
[Site "Dortmund"]
[Date "2014.11.06"]
[Round "5.1"]
[White "Grube, Jörg"]
[Black "Brendemühl, Bernd"]
[Result "1/2-1/2"]
[WhiteElo "1795"]
[BlackElo "1894"]
[PlyCount "109"]
[EventDate "2014.??.??"]

1. e4 c5 2. Nf3 g6 3. d4 cxd4 4. Nxd4 Bg7 5. Nc3 Nc6 6. Be3 Qa5 7. Qd2 Nf6 8.
f3 O-O 9. O-O-O d6 10. g4 Nxd4 11. Bxd4 Be6 12. Kb1 Rfc8 13. a3 Rab8 14. h4 b5
15. Nd5 Qxd2 16. Rxd2 Nxd5 17. exd5 Bxd5 18. Bxg7 Bxf3 19. Rh3 Bxg4 20. Rg3
Kxg7 21. Rxg4 a5 22. Re4 Rc7 23. Rd5 f5 24. Re3 Rcb7 25. Rb3 b4 26. Rxa5 bxa3
27. Rxb7 Rxb7 28. Rxa3 Kf6 29. c4 h6 30. Rd3 g5 31. hxg5+ hxg5 32. Kc2 Rb6 33.
Kc3 e5 34. b4 g4 35. c5 dxc5 36. bxc5 Rb1 37. Kc2 Rb7 38. Rd6+ Kg5 39. c6 Rc7
40. Kd2 f4 41. Bb5 Ra7 42. Rd7 Ra2+ 43. Kc3 Ra3+ 44. Kb4 Ra8 45. c7 Rc8 46. Ba6
Rxc7 47. Rxc7 f3 48. Kc3 g3 49. Kd2 g2 50. Bb7 e4 51. Bxe4 Kf4 52. Bxf3 g1=Q
53. Rf7+ Ke5 54. Re7+ Kd6 55. Re3 {(=)} 1/2-1/2

[Event "34. ABC-Turnier 2014 - Gruppe A"]
[Site "Dortmund"]
[Date "2014.11.06"]
[Round "5.2"]
[White "Khess, Igor"]
[Black "Zelt, Jens"]
[Result "1/2-1/2"]
[WhiteElo "1903"]
[BlackElo "2025"]
[PlyCount "88"]
[EventDate "2014.??.??"]

1. e4 g6 2. d4 d6 3. Nf3 Nd7 4. Bc4 e6 5. O-O Bg7 6. Bg5 Ne7 7. Qd2 O-O 8. Nc3
c6 9. Bb3 Re8 10. e5 d5 11. Nd1 f6 12. exf6 Nxf6 13. Qf4 Ne4 14. Bh6 Rf8 15.
Qc1 Nf5 16. Bxg7 Nxg7 17. c3 Bd7 18. Bc2 Nd6 19. Qg5 Nf7 20. Qxd8 Raxd8 21. Ne3
Ne8 22. Ng4 {(=)} 22... Kg7 23. Rae1 Ned6 24. Nge5 Bc8 25. Nxf7 Nxf7 26. Ne5
Nxe5 27. Rxe5 Rf7 28. f4 Rc7 29. h4 Kf6 30. h5 Rg8 31. Rf3 Bd7 32. hxg6 hxg6
33. Rh3 Be8 34. Kf2 Bf7 35. Rh7 Rg7 36. Rxg7 Kxg7 37. Kg3 Kf6 38. Re1 c5 39.
Bd3 cxd4 40. cxd4 Rc6 41. Kf3 Rc8 42. Rh1 Rc6 43. Re1 Rc8 44. Rh1 Rc6 {(=)}
1/2-1/2

[Event "34. ABC-Turnier 2014 - Gruppe A"]
[Site "Dortmund"]
[Date "2014.11.06"]
[Round "5.3"]
[White "Kropp, Andreas"]
[Black "Göldenboog, Jürgen"]
[Result "1-0"]
[WhiteElo "1994"]
[BlackElo "1893"]
[PlyCount "59"]
[EventDate "2014.??.??"]

1. d4 Nf6 2. Bg5 g6 3. Bxf6 exf6 4. Nf3 Bg7 5. c4 O-O 6. Nc3 Re8 7. e3 d6 8.
Bd3 c5 9. O-O Nc6 10. Be4 f5 11. Bd5 Be6 12. Rc1 cxd4 13. exd4 Qb6 14. Bxe6
fxe6 15. d5 Ne5 16. dxe6 Nxf3+ 17. Qxf3 Qxb2 18. Nb5 Re7 19. Nxd6 Rb8 20. Rb1
Qxa2 21. Nxb7 Qxc4 22. Na5 Qc7 23. Rxb8+ Qxb8 24. Nc6 Qd6 25. Nxe7+ Qxe7 26.
Qd5 Bf6 27. Rb1 Qe8 28. Rb7 Qc8 29. e7+ Kh8 30. Qd8+ 1-0

[Event "34. ABC-Turnier 2014 - Gruppe A"]
[Site "Dortmund"]
[Date "2014.11.06"]
[Round "5.4"]
[White "Guddat, Jörn"]
[Black "Begna, Bozidar"]
[Result "0-1"]
[WhiteElo "1802"]
[BlackElo "1912"]
[PlyCount "92"]
[EventDate "2014.??.??"]

1. d4 d6 2. c4 e5 3. d5 f5 4. e4 Nf6 5. exf5 Bxf5 6. Nc3 Be7 7. Nge2 O-O 8. Ng3
Bg6 9. Bd3 Qe8 10. O-O Na6 11. Bg5 Nc5 12. Bxg6 Qxg6 13. Bxf6 Bxf6 14. b4 Nd3
15. Nce4 Nf4 16. Rb1 h5 17. Nxf6+ Rxf6 18. h4 Raf8 19. Rb3 a6 20. Re3 {(=)}
20... b5 21. cxb5 axb5 22. Rc3 R6f7 23. a3 Re7 24. Re1 Qf7 25. Rf3 Qg6 26. Rfe3
Rf6 27. Rc3 Qf7 28. Rf3 Qg6 29. Rfe3 Kh7 30. Rc3 Kh6 31. Re4 Qf7 32. Qc1 Qxd5
33. Rxc7 Rxc7 34. Qxc7 Qd1+ 35. Kh2 Nd3 36. Re2 Nxf2 37. Qd8 Kh7 38. Qe8 Ng4+
39. Kh3 g6 40. Qe7+ Kg8 41. Qe8+ Kg7 42. Qe7+ Rf7 43. Nf5+ gxf5 44. Qg5+ Kh7
45. Qxh5+ Nh6 46. Qf3 Qh1+ 0-1

[Event "34. ABC-Turnier 2014 - Gruppe A"]
[Site "Dortmund"]
[Date "2014.11.24"]
[Round "5.5"]
[White "Riesenbeck, Jürgen"]
[Black "Zachos, Ingo"]
[Result "1/2-1/2"]
[WhiteElo "1922"]
[BlackElo "1869"]
[PlyCount "58"]
[EventDate "2014.??.??"]

1. e4 d6 2. d4 Nf6 3. Nc3 g6 4. f4 Bg7 5. Nf3 O-O 6. e5 dxe5 7. dxe5 Qxd1+ 8.
Kxd1 Ng4 9. Ke1 c6 10. h3 Nh6 11. Be3 Nf5 12. Bf2 h5 13. Bc4 b6 14. Ng5 Na6 15.
Rd1 Nh6 16. Kd2 Nc7 17. Kc1 Ne6 18. Nxe6 Bxe6 19. Bxe6 fxe6 20. g3 Bxe5 21. Ne4
Bg7 22. Rd7 e5 23. fxe5 Bxe5 24. Rxe7 Rae8 25. Rxe8 Rxe8 26. Re1 Rf8 27. Re2
Nf5 28. c3 Rd8 29. Kc2 Rd5 1/2-1/2

[Event "34. ABC-Turnier 2014 - Gruppe A"]
[Site "Dortmund"]
[Date "2014.11.20"]
[Round "6.1"]
[White "Brendemühl, Bernd"]
[Black "Zachos, Ingo"]
[Result "0-1"]
[WhiteElo "1894"]
[BlackElo "1869"]
[PlyCount "172"]
[EventDate "2014.??.??"]

1. e4 d6 2. d4 Nf6 3. Nc3 g6 4. f4 Bg7 5. Nf3 O-O 6. Bd3 Na6 7. a3 c5 8. d5 Nc7
9. O-O b5 10. Re1 a6 11. h3 Rb8 12. Be3 a5 13. Bf2 b4 14. axb4 axb4 15. Na4 Bd7
16. c4 bxc3 17. bxc3 Nh5 18. Qd2 Rb3 19. Rec1 Qe8 20. Bc4 Bxa4 21. Bxb3 Bxb3
22. g4 Nf6 23. Qe2 e6 24. Nd2 Ba4 25. dxe6 Nxe6 26. Bg3 Bb5 27. Qe3 d5 28. f5
d4 29. cxd4 Nxd4 30. Rxc5 Ne2+ 31. Kg2 Nxg3 32. Kxg3 Nxe4+ 33. Nxe4 Bxa1 34. f6
Qe6 35. Rxb5 Bxf6 36. Qf4 Bd4 37. g5 Re8 38. Rb8 Rxb8 39. Qxb8+ Kg7 40. Qb7
Qe5+ 41. Kg2 Qf4 42. Qd5 Be5 43. Qd3 {(=)} 43... Qh2+ 44. Kf1 Qh1+ 45. Ke2 Qg2+
46. Kd1 Ba1 47. Ke1 Be5 48. Kd1 Qb2 49. Ke1 Bf4 50. Qc4 Qe5 51. Qc3 Qxc3+ 52.
Nxc3 Bxg5 53. Kf2 f5 54. Nd5 Kf7 55. Kf3 Ke6 56. Nc3 Ke5 57. Ne2 Bd2 58. Ng3 h6
59. Nf1 Bc1 60. Ng3 g5 61. Ne2 Bb2 62. Ng3 Bc3 63. Nh5 Be1 64. Ke2 Bh4 65. Kf3
Ke6 66. Ng7+ Kf6 67. Ne8+ Kg6 68. Nd6 h5 69. Nc4 Be1 70. Ne5+ Kf6 71. Nd3 Ba5
72. Nf2 Bb6 73. Nd3 g4+ 74. Kg3 Kg5 75. Kg2 Bc7 76. Nf2 Kh4 77. hxg4 hxg4 78.
Nd3 f4 79. Ne1 Bb6 80. Nd3 f3+ 81. Kh1 g3 82. Nf4 Kg4 83. Nh3 Ba7 84. Nf4 Bb8
85. Nd3 g2+ 86. Kg1 Ba7+ 0-1

[Event "34. ABC-Turnier 2014 - Gruppe A"]
[Site "Dortmund"]
[Date "2014.11.20"]
[Round "6.2"]
[White "Begna, Bozidar"]
[Black "Riesenbeck, Jürgen"]
[Result "0-1"]
[WhiteElo "1912"]
[BlackElo "1922"]
[PlyCount "110"]
[EventDate "2014.??.??"]

1. e4 e6 2. d4 d5 3. Nd2 Nf6 4. Bd3 dxe4 5. Nxe4 Nbd7 6. Nf3 Be7 7. Qe2 c5 8.
c3 cxd4 9. cxd4 Nxe4 10. Qxe4 Nf6 11. Bb5+ Kf8 12. Qe2 a6 13. Bd3 Bb4+ 14. Kf1
Bd7 15. Ne5 Be8 16. Be3 Nd5 17. h4 Rc8 18. Rd1 Be7 19. Qf3 Bxh4 20. g3 Bf6 21.
Rxh7 Rxh7 22. Bxh7 Qa5 23. Bb1 Bb5+ 24. Kg2 Qb4 25. Nd3 Qd6 26. Nc5 Bc6 27. Ne4
Nxe3+ 28. Qxe3 e5 29. f3 Bxe4 30. Qxe4 exd4 31. Bd3 b5 32. a3 Re8 33. Qb7 g6
34. Be4 Kg7 35. Rc1 Qe6 36. Rc6 Qb3 37. Qxa6 Qxb2+ 38. Rc2 Qb3 39. Qc6 Rd8 40.
Rd2 Qe3 41. Qc2 Qxa3 42. Rd3 Qa1 43. Qb3 Qe1 44. Qd1 Qa5 45. Qb1 b4 46. Rb3 Rh8
47. Rxb4 Qh5 48. Qg1 Bg5 49. Qxd4+ Bf6 50. Qg1 Qh3+ 51. Kf2 Qd7 52. Qe1 Bd4+
53. Rxd4 Qxd4+ 54. Ke2 Rh2+ 55. Kf1 Rh1+ 0-1

[Event "34. ABC-Turnier 2014 - Gruppe A"]
[Site "Dortmund"]
[Date "2014.10.09"]
[Round "6.3"]
[White "Göldenboog, Jürgen"]
[Black "Guddat, Jörn"]
[Result "0-1"]
[WhiteElo "1893"]
[BlackElo "1802"]
[PlyCount "132"]
[EventDate "2014.??.??"]

1. d4 d5 2. c4 e6 3. Nc3 c5 4. cxd5 exd5 5. dxc5 d4 6. Qa4+ Nc6 7. Nb5 Bxc5 8.
Nf3 Nf6 9. Bf4 Nd5 10. Qc4 Bb4+ 11. Bd2 Bxd2+ 12. Nxd2 Ndb4 13. a3 Be6 14. Qc5
b6 15. Nd6+ Kd7 16. Qc1 Kxd6 17. axb4 Nxb4 18. Nc4+ Ke7 19. Qg5+ Kf8 20. Qxd8+
Rxd8 21. Rc1 Rc8 22. b3 b5 23. e3 dxe3 24. fxe3 bxc4 25. bxc4 Ke7 26. Be2 Rhd8
27. O-O Rc5 28. Rb1 a5 29. Rf4 Rd2 30. Kf1 Rc2 31. Ra1 Bxc4 32. Bxc4 R2xc4 33.
Rxc4 Rxc4 34. Rxa5 Rc2 35. Rb5 Nd3 36. Rd5 Nc5 37. h3 Ne6 38. Kg1 Re2 39. Rd3
Nc5 40. Rd5 Nd7 41. Rd3 Ne5 42. Rc3 h5 43. Kf1 Rd2 44. Ra3 Ke6 45. Ra4 g5 46.
e4 Rc2 47. Ra6+ Nc6 48. Rb6 f6 49. Rb5 Nd4 50. Rd5 Ne2 51. Rd3 Nf4 52. Rg3 Ke5
53. h4 g4 54. Ra3 Nxg2 55. Ra5+ Kxe4 56. Rxh5 Nf4 57. Ra5 Rh2 58. Ra4+ Ke3 59.
Ra3+ Nd3 60. Kg1 Rxh4 61. Kg2 f5 62. Rb3 Rh3 63. Rb5 Ne1+ 64. Kg1 Nf3+ 65. Kf1
Rh1+ 66. Kg2 Rg1# 0-1